Schwelle zum Paradies : die Galluspforte des Basler Münsters; [Rezension]

Saved in:
Bibliographic Details
Published in:Kritische Berichte 32(2004), 1, Seite 92-95
Main Author: Dorn, Ralf (Author)
Document Type: Online Resource Article
Language:German
Published: 2004
Subjects:
Online Access:kostenfrei
kostenfrei
Related Items:In: Kritische Berichte
Erscheint auch als: Schwelle zum Paradies
Rezension von: Schwelle zum Paradies
Author Notes:Ralf Dorn
LEADER 02616caa a2200529 c 4500
001 1466029633
003 DE-627
005 20260327141550.0
007 cr cn 008aaaaa
008 131111s2004 xx |||||oo 00| ||ger c
024 7 |a urn:nbn:de:bsz:16-kb-106564  |2 urn 
024 7 |a 10.11588/kb.2004.1.10656  |2 doi 
035 |a (DE-627)1466029633 
035 |a (DE-576)396029639 
035 |a (DE-599)BSZ396029639 
035 |a (OCoLC)1263327922 
040 |a DE-627  |b ger  |c DE-627  |e rakwb 
041 |a ger 
084 |a 9,10  |2 ssgn 
100 1 |a Dorn, Ralf  |d 1968-2021  |0 (DE-588)140737464  |0 (DE-627)621584177  |0 (DE-576)320518132  |4 aut 
245 1 0 |a Schwelle zum Paradies  |b die Galluspforte des Basler Münsters; [Rezension]  |c Ralf Dorn 
264 1 |c 2004 
336 |a Text  |b txt  |2 rdacontent 
337 |a Computermedien  |b c  |2 rdamedia 
338 |a Online-Ressource  |b cr  |2 rdacarrier 
533 |a Online-Ausg.  |b Heidelberg  |c Univ.-Bibl.  |d 2013  |e Online-Ressource  |7 |2013|||||||||| 
583 1 |a Archivierung/Langzeitarchivierung gewährleistet  |x XA-DE-BW  |2 pdager  |5 DE-16 
655 7 |a Rezension  |0 (DE-588)4049712-4  |0 (DE-627)106186019  |0 (DE-576)209083166  |2 gnd-content 
689 0 0 |d g  |0 (DE-588)4609699-1  |0 (DE-627)326309039  |0 (DE-576)21422919X  |a Münster Basel  |g Basel  |g Galluspforte  |2 gnd 
689 0 1 |d s  |0 (DE-588)4072608-3  |0 (DE-627)10609470X  |0 (DE-576)209187581  |a Holzplastik  |2 gnd 
689 0 2 |d s  |0 (DE-588)4050482-7  |0 (DE-627)106181904  |0 (DE-576)209087595  |a Romanik  |2 gnd 
689 0 |5 (DE-627) 
773 0 8 |i In  |t Kritische Berichte  |d Heidelberg : arthistoricum.net, 1973  |g 32(2004), 1, Seite 92-95  |h Online-Ressource  |w (DE-627)751049069  |w (DE-600)2722286-X  |w (DE-576)385942125  |x 2197-7410  |7 nnas 
773 1 8 |g volume:32  |g year:2004  |g number:1  |g pages:92-95 
776 0 8 |i Erscheint auch als  |n Druck-Ausgabe  |t Schwelle zum Paradies  |d 2004  |w (DE-627)1389744698  |w (DE-576)319744698 
787 0 8 |i Rezension von  |t Schwelle zum Paradies  |d Basel : Schwabe, 2002  |h 184 S.  |w (DE-627)358542111  |w (DE-576)100903126  |z 9783796519543  |z 3796519547 
856 4 0 |u http://nbn-resolving.de/urn:nbn:de:bsz:16-kb-106564  |x Verlag  |x Resolving-System  |z kostenfrei  |3 Volltext  |7 0 
856 4 0 |u http://dx.doi.org/10.11588/kb.2004.1.10656  |x Verlag  |x Resolving-System  |z kostenfrei  |3 Volltext  |7 0 
935 |h SWB  |i ld 
951 |a AR 
994 |u https://ahnp.ub.uni-heidelberg.de/journals/kb/article/view/10656 
994 |u https://ahnp.ub.uni-heidelberg.de/journals/kb/article/view/10656/4507 
990 |a Münster Basel 
990 |a Holzplastik 
990 |a Romanik 
991 |a Rezension (Monographie, Zeitschrift, Aufsatz) 
999 |a KXP-PPN1466029633  |e 4008897844